Pečate miest a obcí na Slovensku

Salvato in:
Dettagli Bibliografici
Autore principale: Novák, Jozef
Natura: Libro
Lingua:slovacco
Pubblicazione: Bratislava Filozofická fakulta Univerzity Komenského v Bratislave 2008
Soggetti:
Tags: Aggiungi Tag
Nessun Tag, puoi essere il primo ad aggiungerne!!

MARC

LEADER 00000nam$a2200000$$$4500
001 0108293
005 20240314093147.3
020 |a 978-80-89236-49-7 
041 0 |a slo 
044 |a SK 
245 1 0 |a Pečate miest a obcí na Slovensku  |c Jozef Novák 
264 1 |a Bratislava  |b Filozofická fakulta Univerzity Komenského v Bratislave  |c 2008 
300 |a 720 s. 
610 2 0 |a heraldika 
610 2 0 |a veda 
610 2 0 |a symboly 
610 2 0 |a mestá 
610 2 0 |a obce 
610 2 0 |a história 
610 2 0 |a pamiatky 
610 2 0 |a Slovensko 
100 1 |a Novák, Jozef